Política económica : (Registro nro. 8684)

Detalles MARC
000 -LEADER
fixed length control field 02524nam a2200325Ia 4500
003 - CONTROL NUMBER IDENTIFIER
control field OSt
005 - DATE AND TIME OF LATEST TRANSACTION
control field 20211029150623.0
008 - FIXED-LENGTH DATA ELEMENTS--GENERAL INFORMATION
fixed length control field 210310s2014 ck ad fr 000 0dspa d
020 ## - INTERNATIONAL STANDARD BOOK NUMBER
International Standard Book Number 9789587622096
040 ## - CATALOGING SOURCE
Original cataloging agency CO-JMCR
Transcribing agency CO-JMCR
041 0# - LANGUAGE CODE
Language code of text/sound track or separate title spa
082 04 - DEWEY DECIMAL CLASSIFICATION NUMBER
Classification number 338.9861 /
Item number V715p
Edition number 23
100 1# - MAIN ENTRY--PERSONAL NAME
Personal name Villamizar Jaimes, Mauricio,
9 (RLIN) 17983
Relator term autor
245 10 - TITLE STATEMENT
Title Política económica :
Remainder of title aplicaciones para Colombia /
Statement of responsibility, etc. Mauricio Villamizar Jaimes
250 ## - EDITION STATEMENT
Edition statement Primera edición
260 ## - PUBLICATION, DISTRIBUTION, ETC.
Place of publication, distribution, etc. Bogotá :
Name of publisher, distributor, etc. Ediciones de la U,
Date of publication, distribution, etc. 2014
300 ## - PHYSICAL DESCRIPTION
Extent 204 páginas :
Other physical details ilustraciones y gráficas a blanco y negro ;
Dimensions 24 cm.
490 0# - SERIES STATEMENT
Series statement Finanzas
500 ## - GENERAL NOTE
General note Incluye datos biográficos del autor y hojas de respuestas de los ejercicios de cada capítulo.
504 ## - BIBLIOGRAPHY, ETC. NOTE
Bibliography, etc. note Bibliografía: página 195
505 0# - FORMATTED CONTENTS NOTE
Formatted contents note La política fiscal -- La demanda de dinero -- La oferta monetaria -- La política cambiaria -- La economía abierta --Política comercial
520 3# - SUMMARY, ETC.
Summary, etc. La política económica son las decisiones que implementa el Estado para conducir la economía del país, en busca de un alto nivel y rápido crecimiento de la producción, unos precios estables y un alto nivel de empleo, con bajo desempleo involuntario. Las principales políticas económicas son la fiscal, monetaria, cambiaria y comercial. En este libro se estudian estas cuatro políticas y las interacciones entre ellas.<br/>En el capítulo 1 se explica la política fiscal. La política monetaria, debido a su extensión, se aborda en dos capítulos, en el capítulo 2 se estudia la demanda del dinero y en el capítulo 3 la oferta monetaria. Estos tres primeros capítulos se desarrollan desde la perspectiva de una economía cerrada. En el capítulo 4 se expone la política cambiaria. En el capítulo 5 se analizan las políticas fiscal y monetaria en una economía abierta. Y en el capítulo 6 se explica la política comercial.<br/>Este libro ha sido escrito de una manera clara y sencilla, para que cualquier persona lo pueda entender, sin embargo, por la complejidad del tema, es necesario que el lector tenga conocimientos previos en economía, especialmente en macroeconomía. Los temas son complementados con ejercicios matemáticos y talleres prácticos, para reforzar el aprendizaje.
650 14 - SUBJECT ADDED ENTRY--TOPICAL TERM
Topical term or geographic name entry element Política fiscal
9 (RLIN) 17985
650 24 - SUBJECT ADDED ENTRY--TOPICAL TERM
Topical term or geographic name entry element Demanda de dinero
9 (RLIN) 41349
650 24 - SUBJECT ADDED ENTRY--TOPICAL TERM
Topical term or geographic name entry element Oferta monetaria
9 (RLIN) 38831
650 24 - SUBJECT ADDED ENTRY--TOPICAL TERM
Topical term or geographic name entry element Política cambiaria
9 (RLIN) 41350
650 24 - SUBJECT ADDED ENTRY--TOPICAL TERM
Topical term or geographic name entry element Economía abierta
9 (RLIN) 41351
650 24 - SUBJECT ADDED ENTRY--TOPICAL TERM
Topical term or geographic name entry element Política comercial
9 (RLIN) 6253
942 ## - ADDED ENTRY ELEMENTS (KOHA)
Source of classification or shelving scheme Dewey Decimal Classification
Koha item type Books
Existencias
Withdrawn status Lost status Source of classification or shelving scheme Damaged status Not for loan Collection code Home library Current library Date acquired Source of acquisition Full call number Barcode Date last seen Copy number Koha item type
    Dewey Decimal Classification     Non-fiction Biblioteca Pública José María del Castillo y Rada Biblioteca Pública José María del Castillo y Rada 04/15/2018 Donación 338.9861 / V715p 430004349 05/16/2024 Ej.1 Books